Метафора как инструмент моделирования конфликтного исторического события в научном дискурсе; Вестник Томского государственного университета. Филология; № 4 (16)
| Источник: | Вестник Томского государственного университета. Филология/ Национальный исследовательский Томский государственный университет (ТГУ).— , 2007- № 4 (16).— 2011.— [С. 20-33] |
|---|---|
| Главный автор: | |
| Примечания: | Заглавие с экрана Статья посвящена процессам метафорического моделирования научного исторического дискурса. Научная метафора рассматривается как гносеологический феномен, позволяющий смоделировать гипотетическую ситуацию. Специфика научного моделирования проявляется в том, как посредством текстовых метафор в научном тексте формируется целостная метафорическая модель, позволяющая представить новые аспекты исследуемого явления и формирующая отношение к событию, явлению или феномену. Режим доступа: по договору с организацией-держателем ресурса |
| Язык: | русский |
| Опубликовано: |
2011
|
| Предметы: | |
| Online-ссылка: | http://elibrary.ru/item.asp?id=17086476 http://journals.tsu.ru/philology/&journal_page=archive&id=123&article_id=5190 |
| Формат: | Электронный ресурс Статья |
| Запись в KOHA: | https://koha.lib.tpu.ru/cgi-bin/koha/opac-detail.pl?biblionumber=638786 |
MARC
| LEADER | 00000naa0a2200000 4500 | ||
|---|---|---|---|
| 001 | 638786 | ||
| 005 | 20250207153040.0 | ||
| 035 | |a (RuTPU)RU\TPU\network\3178 | ||
| 090 | |a 638786 | ||
| 100 | |a 20150212d2011 k||y0rusy50 ca | ||
| 101 | 0 | |a rus | |
| 102 | |a RU | ||
| 135 | |a drcn ---uucaa | ||
| 181 | 0 | |a i | |
| 182 | 0 | |a b | |
| 200 | 1 | |a Метафора как инструмент моделирования конфликтного исторического события в научном дискурсе |f Н. А. Мишанкина | |
| 203 | |a Текст |c электронный | ||
| 300 | |a Заглавие с экрана | ||
| 320 | |a [Библиогр.: с. 32-33 (21 назв.)] | ||
| 330 | |a Статья посвящена процессам метафорического моделирования научного исторического дискурса. Научная метафора рассматривается как гносеологический феномен, позволяющий смоделировать гипотетическую ситуацию. Специфика научного моделирования проявляется в том, как посредством текстовых метафор в научном тексте формируется целостная метафорическая модель, позволяющая представить новые аспекты исследуемого явления и формирующая отношение к событию, явлению или феномену. | ||
| 333 | |a Режим доступа: по договору с организацией-держателем ресурса | ||
| 461 | |t Вестник Томского государственного университета. Филология |f Национальный исследовательский Томский государственный университет (ТГУ) |d 2007- | ||
| 463 | |t № 4 (16) |v [С. 20-33] |d 2011 | ||
| 610 | 1 | |a электронный ресурс | |
| 610 | 1 | |a труды учёных ТПУ | |
| 610 | 1 | |a научный дискурс | |
| 610 | 1 | |a лингвистические модели | |
| 610 | 1 | |a когнитивные модели | |
| 610 | 1 | |a концептуальные метафоры | |
| 610 | 1 | |a метафорические модели | |
| 610 | 1 | |a исторические события | |
| 610 | 1 | |a картина мира | |
| 700 | 1 | |a Мишанкина |b Н. А. |c лингвист |c профессор Томского политехнического университета, доктор филологических наук |f 1969- |g Наталья Александровна |3 (RuTPU)RU\TPU\pers\28712 |9 13509 | |
| 801 | 2 | |a RU |b 63413507 |c 20150214 |g RCR | |
| 856 | 4 | |u http://elibrary.ru/item.asp?id=17086476 | |
| 856 | 4 | |u http://journals.tsu.ru/philology/&journal_page=archive&id=123&article_id=5190 | |
| 942 | |c CF | ||